Saltar ao contenido

Рецензия на учебник «Институционально-правовые основы государственно-частного партнерства», подготовленный под редакцией доктора экономических наук, доцента кафедры государственного управления МГИМО Михеева Алексея Александровича Статья

Gardado en:
Detalles Bibliográficos
Formato: Статья
Acceso en liña:https://znanium.com/catalog/document?id=333772
https://znanium.com/cover/1003/1003660.jpg
Метки: Engadir etiqueta
Sen Etiquetas, Sexa o primeiro en etiquetar este rexistro!
LEADER 01328nam0a2200181 i 4500
001 RU\infra-m\znanium\bibl\1003660
003 https://znanium.com/catalog/document?id=333772
005 20211203000000.0
100 |a 20211203d2018 m y0rusy0150 ca 
101 0 |a rus 
102 |a RU 
200 1 |a Рецензия на учебник «Институционально-правовые основы государственно-частного партнерства», подготовленный под редакцией доктора экономических наук, доцента кафедры государственного управления МГИМО Михеева Алексея Александровича  |e Статья 
210 1 |a Москва  |c ООО "Научно-издательский центр ИНФРА-М"  |d 2018 
333 |a Дополнительное профессиональное образование 
608 |a Статья  |2 local 
801 0 |a RU  |b Общество с ограниченной ответственностью «ЗНАНИУМ»  |c 20181011  |2 rusmarc 
856 4 |a znanium.com  |m ebs_support@infra-m.ru  |n НИЦ ИНФРА-М  |u https://znanium.com/catalog/document?id=333772 
856 4 1 |a znanium.com  |d /cover/1003  |f 1003660.jpg  |q image/jpeg  |u https://znanium.com/cover/1003/1003660.jpg